header

Japan, internationalism and the UN (Record no. 71429)

MARC details
000 -LEADER
fixed length control field 01327nam a2200349Ia 4500
082 04 - DEWEY DECIMAL CLASSIFICATION NUMBER
Classification number 327.52
100 1# - MAIN ENTRY--AUTHOR NAME
Personal name Dore, Ronald Philip.
245 10 - TITLE STATEMENT
Title Japan, internationalism and the UN
260 ## - PUBLICATION, DISTRIBUTION, ETC. (IMPRINT)
Place of publication London ;
-- New York :
Name of publisher Routledge,
Year of publication 1997.
300 ## - PHYSICAL DESCRIPTION
Number of Pages xl, 192 p.
490 1# - SERIES STATEMENT
Series statement Nissan Institute/Routledge Japanese studies series
650 #0 - SUBJECT ADDED ENTRY--TOPICAL TERM
Topical Term International relations.
856 40 - ELECTRONIC LOCATION AND ACCESS
Uniform Resource Identifier http://site.ebrary.com/lib/rucke/Doc?id=10057188

No items available.

© 2026 Rongo University
Contact us: librarian | system librarian | Rongo university